书目信息 |
| 题名: |
物理计算手册
|
|
| 作者: | 图马 著 ;黄振岗 译 | |
| 分册: | ||
| 出版信息: | 北京 新时代出版社 1985.9 |
|
| 页数: | 591页 | |
| 开本: | 20cm | |
| 丛书名: | ||
| 单 册: | ||
| 中图分类: | O4-62 | |
| 科图分类: | ||
| 主题词: | 物理学--手册 | |
| 电子资源: | ||
| ISBN: | ||
| 000 | 00588nam0 2200217 45 | |
| 001 | 0312221749 | |
| 005 | 20050104154431.1 | |
| 010 | @dCNY3.80 | |
| 091 | @a15241.58 | |
| 100 | @a20031222d1985 km y0chiy0120 ea | |
| 101 | @achi@ceng | |
| 105 | @a z 000yy | |
| 200 | 1 | @a物理计算手册@AWu Li Ji Suan Shou Ce@f(美)J·J·图马著@F(Mei)J·J·Tu Ma Zhu@g黄振岗译 |
| 210 | @a北京@c新时代出版社@d1985.9 | |
| 215 | @a591页@d20cm | |
| 606 | 0 | @a物理学@x手册 |
| 690 | @aO4-62@v3 | |
| 701 | 0 | @a图马@4著 |
| 702 | 0 | @a黄振岗@4译 |
| 801 | @aCN@bTSTCL@c20031222 | |
| 905 | @dO4-62@e131@f1@b142408 | |
| 物理计算手册/(美)J·J·图马著/黄振岗译.-北京:新时代出版社,1985.9 |
| 591页;20cm |
| ISBN :CNY3.80 |
| ● |
| 相关链接 |
|
|
|
|
正题名:物理计算手册
索取号:O4-62/131
 
预约/预借
| 序号 | 登录号 | 条形码 | 馆藏地/架位号 | 状态 | 备注 |
| 1 | 0142408 | 001966652 | 第三借阅区/ [索取号:O4-62/131] | 在馆 | |
| 2 | 0142409 | 000393666 | 第三借阅区/ [索取号:O4-62/131] | 在馆 | |
| 3 | 0142410 | 000393657 | 密集书库/ [索取号:O4-62/131] | 在馆 | |
| 4 | 0142411 | 000393648 | 密集书库/ [索取号:O4-62/131] | 在馆 | |
| 5 | 0142412 | 000393675 | 第二样本阅览室/ [索取号:O4-62/131] | 在馆 |